Quizzes
Events
Quiz Creation
Community
Videos
Private Events
Remove Ads
Sign In
Join for FREE
Feedback
Dark Mode
Quiz Categories
Sports
Geography
Music
Movies
Television
Just For Fun
Miscellaneous
History
Literature
Language
Science
Gaming
Entertainment
Religion
Holiday
For Kids
Quiz Lab
Recent
Popular Today
Quiz Kudos Today
Editor Picks
Curator Picks
Quizzes by...
Day
Popularity
Type
Ratings
Length
Year
Community
Subscriptions
Recent Discussions
Orange Saloon
Badges
Playlists
Quests
Create
Leaderboards
Showdown
Live 5
Trivia Bingo
Activity
Puzzle Library
Sporcle Events
Private Events
Virtual Trivia
Globe League
Become a Host
Pub Owners
SporcleCon
Opinionation
Our Games
Videos
Blog
Mobile Apps
Partnerships
Remove Ads and Go Orange
Feedback
Entertainment
Celebrity
Famous
Musical
Broadway
Show
Quote
Comic Books
Anime
Superhero
DC Comics
Marvel
Cartoons
Animation
Entertainment
Celebrity
Famous
Musical
Broadway
Show
Quote
Comic Books
Anime
Superhero
DC Comics
Marvel
Cartoons
Animation
Random Quiz
Search Sporcle
×
Curator Pick
Curator Pick
Entertainment
Musical
Select answers by clicking on text or image buttons
Select answers by clicking on text or image buttons
Clickable
Best Score? Go Orange.
Plays/Musicals by Setting Stats
Can you pick the musicals or plays from there given primary setting/settings?
By
Tolkienite
4m
29 Questions
481 Plays
481 Plays
481 Plays
Comments
Comments
Give Quiz Kudos
Give Quiz Kudos
-
- Ratings
hide this ad
More Info
Forced Order
Answers have to be entered in order
Answers have to be entered in order
Replay
Link that replays current quiz
Next Quiz
Link to next quiz in quiz playlist
You Got
0%
They Got
Avg Score
61%
Avg Friend Score
Upgrade to see
Score Distribution
Jump to the score distribution portion of the page
Score
0/29
Timer
04:00
0
Plays Today
% Correct
Annie
84%
Grease
82.3%
The Lion King
80%
Joseph and the Amazing Technicolour Dreamcoat
78%
West Side Story
76.7%
Evita
75.9%
Wicked
75.7%
Hairspray
74.4%
Cabaret
73.4%
Nightmare Before Christmas
72.3%
Chicago
70.7%
Les Miserables
70.5%
The Phantom of the Opera
70.1%
The King and I
69.6%
Hamlet
63.8%
% Correct
The Sound of Music
62%
Hunchback of Notre Dame
61.1%
Oliver!
61.1%
Moulin Rouge!
60.5%
Rocky Horror Picture Show
58.8%
A Streetcar Named Desire
53.6%
Rent
49.1%
42nd Street
42.6%
An Inspector Calls
41%
South Park: Bigger, Longer & Uncut
36%
We Will Rock You
35.1%
War Horse
33.3%
Nine
32.6%
Xanadu
32.2%
Quiz Playlist
Details
Report
Send in Message
Add To Playlist
More Info:
I apologize for some settings being more vague than others as I have not seen all musicals/plays listed and so cannot be as accurate
Clickable:
Select answers by clicking on text or image buttons
Forced Order:
Answers have to be entered in order
Quiz Source
Last Updated: Feb 16, 2017
Curator Pick in
Play
Quiz Scoreboard
CHALLENGE
Sign Up to Join the Scoreboard
Show All
Scores
Hide
Comments
May contain spoilers
Recently Published
Billboard Blitz: Fleetwood Mac
by CooCooCachoo
Music
15s
Presidents Visiting Landmarks
by Hejman
History
7m
An Introduction to Baseball
by treessimontrees
Sports
5m
More to Explore
Quiz From the Vault
Featured Blog Post
Where Did the Easter Bunny Come From?
hide this ad
You Might Also Like...
Tags
Clickable Quiz
Musical Quiz
Play Quiz
Primary
Setting
Today's Top Quizzes in Entertainment
Browse Entertainment
hide this ad
Today's Top Quizzes in Musical
Browse Musical
Top Contributed Quizzes in Entertainment
1
7-to-1: DC Comics Villains
2
Marvel Characters Bunker
3
Eurovision 2023 Logic Puzzle
4
Dragon Ball Z: Goku's Fights in Order
5
Kamen Rider Motifs
6
Criteria Quickie: Cartoon Taxonomy II
7
Sorting Pictures: Villains
8
Fictional Villains Letter U Blitz
9
Mini Trivia Sudoku: Musicals
10
Dragon Ball Z: Mega Character Search
Explore More
Trending Topics
Kpop
NBA
Crossword
Anime
Harry Potter
Disney
Marvel
Puzzle
Pokémon
Soccer
Song
NFL
The Office
WWE
Country
hide this ad
More By:
Tolkienite
Quiz
Plays
Rating
Category
Featured
Created
This Movie Is Not Suitable for Children
168,721
4.39
Movies
Feb 3, 2014
Figure Out The Lyrics (Grease)
110,565
4.48
Music
Nov 30, 2013
Movie Character Rainbow
103,328
4.32
Movies
Jun 19, 2013
Famous Colorful Characters
81,960
4.52
Entertainment
Nov 6, 2013
Henchmen, Sidekicks, and Subordinates
76,598
4.26
Entertainment
Aug 17, 2012
Go to Creator's Profile
Score Distribution
Quiz Creator Spotlight
Tolkienite
Follow
Send a Message
Quizzes Created
-
Created Quiz Play Count
-
More By This Creator
Popular Quizzes Today
1
Find the US States - No Outlines Minefield
2
Find the Countries of Europe - No Outlines Minefield
3
The Countries of the World
4
Find the US States
5
US States
6
Risky Map Clicking: Biggest States A-Z
7
Popular People in 1961
8
Movies - When Are They Set?
More Entertainment Quizzes
Dragon Ball Z: Characters with Sword
Quiz Lab
Trending Quizzes
Risky Map Clicking: Least Populous States A-Z
1-10 Letter G Words
1-10 Letter F Words
Risky Map Clicking: Next State Alphabetically
Risky Map Clicking: Biggest States A-Z
Recently Updated
Leaping Animals
pecheneg
Reality TV Shows (A-Z)
bhenderson79
Rickey Henderson's Hall of Fame Teammates
pecheneg
Champions League XIs: Arsenal
pecheneg
Quick Pick: Celebrities in WWE's Hall of Fame
aduchscher
A-Z Keypad Blitz II
pecheneg
Multiple Oscar Actors
pecheneg
Mystery Phrase Blitz: Oscar 'Best Actors'
pecheneg
F. Scott Fitzgerald Novels
LTH
Pick 3 Villains
ddd62291
Trending Topics
Harry Potter
NBA
Crossword
Disney
Kpop
Marvel
Anime
WWE
Pokémon
Country
The Office
Song
NFL
Soccer
Puzzle
Your Account Isn't Verified!
In order to create a playlist on Sporcle, you need to verify the email address you used during registration. Go to your
Sporcle Settings
to finish the process.
Report this User
Report this user for behavior that violates our
Community Guidelines
.
Details:
Send Report
Go to the Sporcle.com Mobile Site →
Comments